Resident Evil Revelations 2 - Weapon Names - Statistics

General Stats
  • This quiz has been taken 6 times
  • The average score is 8 of 25
Answer Stats
Type Answer % Correct
Melee Katana
67%
Launcher Rocket Launcher
67%
Special Bubblegun
50%
Thrown Exploding Bottle
50%
Thrown Firebomb Bottle
50%
Handgun P10
50%
Handgun Samurai Edge
50%
Assault Rifle AK 7
33%
Bowgun Bowgun
33%
Special Chicago Typewriter
33%
Thrown Decoy Bottle
33%
Melee Meat Grinder
33%
Handgun MPM
33%
Melee Short Sword
33%
Thrown Smokescreen Bottle
33%
Magnum 2005M
17%
Shotgun M147S
17%
Rifle M1891/30
17%
Magnum Model 329
17%
Machine Pistol MP-AB50
17%
Machine Pistol MP-AF
17%
Assault Rifle NSR47
17%
Magnum Python
17%
Rifle SVD
17%
Shotgun TAP194
17%
No matching quizzes found
Score Distribution
Percent of People with Each Score
Percentile by Number Answered
Your Score History
You have not taken this quiz